| 000 | 00738nam a22002417a 4500 | ||
|---|---|---|---|
| 999 |
_c5751 _d5751 |
||
| 003 | AR-CdUCM | ||
| 008 | 190313b ||||| |||| 00| 0 spa d | ||
| 040 |
_aMUNICIPALIDAD PROVINCIAL DEL CUSCO _cBIBLIOTECA MUNICIPAL DEL CUSCO |
||
| 082 |
_a869.55 / _bP17 |
||
| 100 |
_aPalma, Ricardo _9304 |
||
| 245 | _aSemblanzas / | ||
| 260 |
_aLima : _bEdit. Juan Mejía Baca, _c1961. |
||
| 300 |
_a77 paginas ; _c24 cm. |
||
| 500 | _aDonación familia Nieto | ||
| 505 | _aContenido :Poesías / | ||
| 650 |
_aLiteratura peruana _9169 |
||
| 650 |
_aPoesías políticas _917111 |
||
| 650 |
_aSátira y humorismo _917112 |
||
| 650 |
_aSiglo XIX _9971 |
||
| 700 |
_aAlberto Tauro (editor y prologo) _917113 |
||
| 942 |
_2ddc _cLIBROS |
||
| 945 | _arjall | ||